LIBRARY & INFORMATION CENTRE, KCAET, TAVANUR

ONLINE PUBLIC ACCESS CATALOGUE (OPAC)

Thomas' Calculus (Record no. 14704)

MARC details
000 -LEADER
fixed length control field 00368nam a22001577a 4500
020 ## - INTERNATIONAL STANDARD BOOK NUMBER
ISBN 9789332542426
082 ## - DEWEY DECIMAL CLASSIFICATION NUMBER
Classification number 515.1
Item number WEI/TH
100 ## - MAIN ENTRY--AUTHOR NAME
Personal name Thomas,George B.Jr
245 ## - TITLE STATEMENT
Title Thomas' Calculus
250 ## - EDITION STATEMENT
Edition statement 12
260 ## - PUBLICATION, DISTRIBUTION, ETC. (IMPRINT)
Place of publication Chennai
Name of publisher Pearson
Year of publication 2016
300 ## - PHYSICAL DESCRIPTION
Number of Pages 988, A.1 - t6
700 ## - ADDED ENTRY--PERSONAL NAME
Personal name Weir,Maurice D.
700 ## - ADDED ENTRY--PERSONAL NAME
Personal name Hass, Joel
942 ## - ADDED ENTRY ELEMENTS (KOHA)
Koha item type Book Bank scheme for SC students
Holdings
Withdrawn status Lost status Damaged status Home library Current library Shelving location Date acquired Source of acquisition Cost, normal purchase price Full call number Accession Number Koha item type
      KAUAET KAUAET Scheme 19/08/2016 Penta Books Distributors, Calicut. 799.00 515.1 WEI/TH BB 408 Book Bank scheme for SC students
      KAUAET KAUAET Scheme 27/08/2016 Dream Tech Publishers & Book Sellers, Thiruvanathapuram. 799.00 515.1 WEI/TH BB 377 Book Bank scheme for SC students
free website counter